00423nam a22001457a 450000500170000000800410001702000180005804100130007608200120008910000130010124500640011426000440017830000300022265000250025220231121074337.0231121b |||||||| |||| 00| 0 eng d a9780409012071 aEnglish  a343 AVI lEnglish  aAviation Legislation in South Africa / cedited by ZA Beek  aDurban : bLexisNexis (Pty) Ltd, c1998 bxii, 187 pages ;c26 cm.  aLegal practice bLaw